ロード中...

Kaalathinte thalevarakal(കാലത്തിന്റെ തലേവരകള്‍)/ ‍

書誌詳細
第一著者: Surendran Mangatt(സുരേന്ദ്ര൯ മങ്ങാട്ട് ).
フォーマット: Printed Book
出版事項: Thrissur: Current Books, 2011.
主題:
LEADER 00717 a2200145 4500
999 |c 85713  |d 85713 
020 |a 9788122607185 
082 |a M A3 SUR8/K  |b Q1 
100 |a Surendran Mangatt(സുരേന്ദ്ര൯ മങ്ങാട്ട് ).  |9 47119 
245 |a Kaalathinte thalevarakal(കാലത്തിന്റെ തലേവരകള്‍)/ ‍  |c Surendran Mangatt(സുരേന്ദ്ര൯ മങ്ങാട്ട് ). 
260 |a Thrissur:  |b Current Books,  |c 2011. 
300 |a 95 p. 
650 |a Malayalam fiction.  |9 47120 
942 |c BK 
952 |0 0  |1 0  |4 0  |6 M_A3_SUR8_K_Q1  |7 0  |8 MAL  |9 78053  |a MGUL  |b MGUL  |c GEN  |d 2016-03-14  |e Cosmo Books Bill No 133 dated 20.02.2016  |g 60.00  |l 0  |o M A3 SUR8/K Q1  |p 54335  |r 2016-05-18  |y BK